Evanjelické kostoly na Slovensku

Gespeichert in:
Bibliographische Detailangaben
1. Verfasser: Krivošová, Janka, 1939- (Verfasst von)
Format: Buch
Veröffentlicht: Liptovský Mikuláš : Tranoscius, 2001
Schlagworte:
Tags: Tag hinzufügen
Keine Tags, Fügen Sie das erste Tag hinzu!

MARC

LEADER 00000nam a22000003a 4500
001 stu77738
005 20251126143543.9
008 021029s2001----------------------------d
020 |a 8071402133 
040 |a STU  |b slo 
100 1 |a Krivošová, Janka,  |d 1939-  |4 aut  |u A400  |U FAD Fakulta architektúry  |T FAD Ústav dejín a teórie architektúry  |X 4148  |U A400  |Y 134  |7 A000004148 
245 1 |a Evanjelické kostoly na Slovensku 
260 |a Liptovský Mikuláš :  |b Tranoscius,  |c 2001 
300 |a 287 s 
650 7 |a architektúra sakrálna  |2 stusub 
650 7 |a Walch, Matej 
650 7 |a Evanjelické lýceum, Konventná, Bratislava 
996 |b 284AU02744  |c A*3731 U  |l AAKNST  |s P  |a 0  |w stu77738_0001 
996 |b 284AU08205  |c A* 11462/U  |l AAKNAR  |s A  |a 24  |w stu77738_0002